Rozpoznaj wszystkich prezydentów USA - Statystyki

Ogólne statystyki
  • Ten quiz został rozwiązany 123 razy
    21 od ostatniego zresetowania
  • Średni wynik to 17 z 45
Statystyki odpowiedzi
Obrazkowy Odpowiedź % Poprawnych
Abraham Lincoln
100%
Barack Obama
100%
Donald Trump
100%
Joe Biden
100%
John F. Kennedy
95%
George W. Bush
86%
Jerzy Waszyngton
86%
George H.W. Bush
81%
Bill Clinton
76%
Franklin Delano Roosevelt
71%
Harry Truman
71%
Ronald Reagan
71%
Jimmy Carter
67%
Richard Nixon
67%
Dwight Eisenhower
62%
Theodore Roosevelt
57%
Gerald Ford
52%
Lyndon B. Johnson
52%
John Adams
38%
Thomas Jefferson
38%
Woodrow Wilson
38%
Herbert Hoover
24%
William McKinley
24%
Ulysses Grant
19%
Calvin Coolidge
14%
James Garfield
10%
James Madison
10%
James Monroe
10%
John Quincy Adams
10%
William Taft
10%
Andrew Jackson
5%
Andrew Johnson
5%
Benjamin Harrison
5%
Chester Arthur
5%
Franklin Pierce
5%
Grover Cleveland
5%
James Buchanan
5%
James Polk
5%
John Tyler
5%
Martin Van Buren
5%
Millard Fillmore
5%
Rutherford Hayes
5%
Warren Harding
5%
William Henry Harrison
5%
Zachary Taylor
5%
Nie znaleziono quizów pasujących do podanych kryteriów
Rozkład punktacji
Procent ludzi z każdym wynikiem
Percentyl według liczby udzielonych odpowiedzi
Twoja historia wyników
Nie rozwiązałeś tego quizu od ostatniego zresetowania